000
00301nam a2200121Ia 4500
008
190216s9999||||xx |||||||||||||| ||und||
100
_a
Sharma K K
245
0
_a
Problems In Physical Chemistry
260
_b
Vikas Publishing House
_c
1981
300
_a
271p
650
_a
Chemistry-Chemistry
942
_c
BK
999
_c
2270
_d
2270